000 00801nam a22002297a 4500
999 _c20083
_d20083
003 AR-CdUCM
008 190525b ||||| |||| 00| 0 spa d
040 _aMUNICIPALIDAD PROVINCIAL DEL CUSCO
_cBIBLIOTECA MUNICIPAL DEL CUSCO
082 _a710.981 /
_bA45
100 _aAlvarenga, Oneyda
_942017
245 _aMúsica popular brasileña /
260 _aMéxico, D. F.
_c1947.
300 _a272 páginas ;
_bIlustraciones
_c22 cm.
440 _aFondo de cultura económica
_913042
505 _aContenido: Danzas dramáticas -- Música religiosa -- Cantos de trabajo -- Juegos...
650 _aBrasil
_91261
650 _aMúsica brasileña
_942018
650 _aDanza brasileña
_942019
700 _aLión Depetre, José (traductor)
_942020
942 _2ddc
_cLIBROS
945 _aAndy
_d2019-05-25